De quels pays sont les champions olympiques 2024 ? - Canoë Kayak - Statistiques

Statistiques générales
  • Ce quiz a été pris 39 fois
  • Le résultat moyen est 13 sur 16
Statistiques - réponses
Épreuve Athlète(s) Nation % Correct
Canoë Kayak Slalom C1 H Nicolas Gestin France
100%
Canoë Kayak Slalom K1 H Giovanni De Gennaro Italie
97%
Canoë Kayak en ligne C2 500 m H Ji Bowen, Liu Hao Chine
92%
Canoë Kayak en ligne C2 500 m F Sun Mengya, Xu Shixiao Chine
92%
Canoë Kayak Slalom C1 F Jessica Fox Australie
86%
Canoë Kayak Slalom K1 F Jessica Fox Australie
86%
Canoë Kayak Slalom KX1 F Noémie Fox Australie
86%
Canoë Kayak en ligne K2 500 m H Max Lemke, Jacob Schopf Allemagne
84%
Canoë Kayak en ligne K4 500 m H Max Lemke, Tom Liebscher, Max Rendschmit, Jacob Schopf Allemagne
84%
Canoë Kayak en ligne C1 200m F Katie Vincent Canada
70%
Canoë Kayak Slalom KX1 H Finn Butcher Nouvelle Zélande
70%
Canoë Kayak en ligne K1 500 m F Lisa Carrington Nouvelle Zélande
70%
Canoë Kayak en ligne K2 500 m F Lisa Carington, Alicia Hoskin Nouvelle Zélande
70%
Canoë Kayak en ligne K4 500 m F Olivia Brett, Lisa Carrington, Alicia Hoskin, Tara Vaughan Nouvelle Zélande
70%
Canoë Kayak en ligne C1 1 000 m H Martin Fuksa République Tchèque
54%
Canoë Kayak en ligne K1 1 000 m H Josef Dostal République Tchèque
54%
Aucun quiz correspondant
Distribution des résultats
% des personnes avec chaque résultat
Percentile par nombre de réponses
Votre historique - résultats
Vous n’avez pas pris ce quiz